1568 1972 1362 1272 1583 1659 1739 1808 1966 1847 1343 1189 1750 1445 1913 1950 1147 1676 1946 1204 1539 1893 1652 1285 1332 1153 1831 1710 1689 1143 1276 1081 1014 1933 1706 1489 2000 1522 1082 1269 1941 1089 1765 1352 1955 1055 1588 1654 1894 1563 1724 1845 1434 1375 1174 1932 1065 1887 1820 1284 1735 1005 1475 1926 1246 1970 1542 1694 1182 1493 1712 1472 1445 1608 1598 1039 1230 1655 1704 1075 1070 1921 1860 1589 1683 1399 1506 1171 1229 1214 1670 1159 1298 1606 1396 1952 1727 1079 1486 BCNSPRNW ULIB Ver.6.0+V

เปลี่ยนเป็นภาษาไทย

Change to English
 แสดงรายละเอียดบรรณานุกรม
  กลับหน้าหลัก

Brief Record : Get Marc (ISO 2709) : E-mail record : QR code < ปิดหน้าต่าง
LEADER : 00000nam 2200000uu 4500
001    13399113110
003     ULIB
008    110927s2543||||th 000 0 tha d
020    9742722935
041 1  tha/eng
050  4 PL4226^bก726ว ล.3 2543
245 00 วรรณกรรมสมัยอยุธยา 3A ฉบับแปล =^bThai literary works of the Ayutthaya periods translated version /^cบรรณาธิการโดยคุณหญิงกุลทรัพย์ เกษแม่นกิจ ; แปลโดยคณะทำงานโครงการวรรณกรรมอาเซียน
246 31 Thai literary works of the Ayutthaya periods translated version
250    พิมพ์ครั้งที่ 1
260    กรุงเทพฯ :^bอมรินทร์ พริ้นติ้งแอนด์พับลิชชิ่ง,^c2543
300    (33), 704 หน้า :^bภาพประกอบ, แผนที่ ;^c24 ซม.
440  0 วรรณกรรมอาเซียน ;^vเล่ม 2 เอ
440  0 Anthology of ASEAN literature ;^vv. 2a
546    มีคำแปลภาษาอังกฤษเทียบเคียง
650  4 วรรณกรรมไทย^yสมัยอยุธยา
650  4 วรรณคดีไทย^yสมัยอยุธยา
650  4 วรรณคดีไทย^yสมัยอยุธยา^xประวัติและวิจารย์
700 0  กุลทรัพย์ เกษแม่นกิจ,^cคุณหญิง,^eบรรณาธิการ
710 2  คณะทำงานโครงการวรรณกรรมอาเซียน
945    ^p0^l0^i019585
995    ทศพร
999 ^a ทศพร
รายการนี้ยังไม่มีแท็ก
คุณยังไม่ได้ล็อกอิน คุณสามารถมีกิจกรรมร่วมกับเว็บไซต์ได้ แต่ต้องล็อกอินก่อน ::
  ล็อกอิน

รายการสื่อสารสนเทศ

ลำดับที่ ประเภท เลขเรียก/บาร์โค้ด สถานที่ สถานะ
- ไม่พบข้อมูล -

BibComment


ยังไม่เคยถูกคอมเมนท์

คอมเมนท์ทรัพยากรรายการนี้
  คอมเมนท์: วรรณกรรมสมัยอยุธย..


 Copyright 2026. Bcnsprnw @Library